00250nam a2200109Ia 4500008004100000041001200041082001100053100001400064245005000078260000600128650000600134221030s9999 xx 000 0 und d aEnglish a105.23 aR. Mittal 0aText Book Of Electronic Devicescby R. Mittal c0 aB